NLSUI OPAC header image

Competition impact assessment (CIA) and its key impediments in other sectors (Record no. 217032)

MARC details
000 -LEADER
fixed length control field 01231nam a2200145Ia 4500
005 - DATE AND TIME OF LATEST TRANSACTION
control field 20260209120130.0
008 - FIXED-LENGTH DATA ELEMENTS--GENERAL INFORMATION
fixed length control field 260209s9999||||xx |||||||||||||| ||und||
100 ## - MAIN ENTRY--PERSONAL NAME
Personal name Nidhi Chauhan
245 #0 - TITLE STATEMENT
Title Competition impact assessment (CIA) and its key impediments in other sectors
260 ## - PUBLICATION, DISTRIBUTION, ETC.
Place of publication, distribution, etc. BangaloreBangalore
Name of publisher, distributor, etc. NLSIU
Date of publication, distribution, etc. 2012
300 ## - PHYSICAL DESCRIPTION
Extent 96 p. ; 25 cm.
505 ## - FORMATTED CONTENTS NOTE
Formatted contents note TABLE OF CONTENTS Acknowledgement ; Abbreviations ; List Of Cases ; Background Of The Study ; Scope Of The Study ; Research Questions; Hypothesis; Research Methodology ; Source Of Data; Chapterisation ; Introduction; Chapter 1; Competition Impact Assessment ; Conclusion ; Chapter 2 ; Competition Impact Assessment And Sectoral Study ; Civil Aviation Sector ; Road Transport Sector; Pharmaceutical Sector ; Chapter 3; Competition And Regulatory Overlaps ; Introduction ; Rationale For Regulation And Its Typology ; Typology Of Regulation In India ; Sector Regulation In India ; Sectoral Regulator In India – Overview; Banking Sector ; Insurance Sector ; Telecom Sector ; Aviation Sector ; Overlapping- Real Or Imagined?; Conclusion; Bibliography;
700 ## - ADDED ENTRY--PERSONAL NAME
Personal name Dr. Sairam Bhat - GuideDr. Sairam Bhat - Guide
856 ## - ELECTRONIC LOCATION AND ACCESS
Uniform Resource Identifier <a href="https://dans.nls.ac.in/handle/123456789/1853">https://dans.nls.ac.in/handle/123456789/1853</a>
Holdings
Withdrawn status Lost status Damaged status Not for loan Home library Current library Date acquired Total Checkouts Barcode Date last seen Price effective from Koha item type
        . . 09.02.2026   LLM397 09.02.2026 09.02.2026 Dissertation